| 000 | 00340nam a22001337a 4500 | ||
|---|---|---|---|
| 020 | _a9788120335233 | ||
| 082 |
_a532 _bMAD/FL |
||
| 100 |
_aMadan Mohan Das _9159 |
||
| 245 | _aFluid Mechanics and Turbomachines | ||
| 260 |
_aNew Delhi _bPHI Learning _c2011 |
||
| 300 | _a538 | ||
| 650 |
_aTurbomachines _aFluid Mechanics _9160 |
||
| 942 | _cBK | ||
| 999 |
_c14135 _d14135 |
||